书目信息 |
| 题名: |
2008考研政治互联提纲与考点提示
|
|
| 作者: | 常红利 编著 | |
| 分册: | ||
| 出版信息: | 北京 北京航空航天大学出版社 2007.09 |
|
| 页数: | 193页 | |
| 开本: | 26cm | |
| 丛书名: | ||
| 单 册: | ||
| 中图分类: | D0 | |
| 科图分类: | ||
| 主题词: | 政治理论--zheng zhi li lun--研究生--入学考试--自学参考资料 | |
| 电子资源: | ||
| ISBN: | 978-7-81124-175-4 | |
| 000 | 01140nam0 2200253 450 | |
| 001 | 012008867627 | |
| 005 | 20080901185221.90 | |
| 010 | @a978-7-81124-175-4@dCNY19.00 | |
| 100 | @a20080901d2007 em y0chiy0120 ea | |
| 101 | 0 | @achi |
| 102 | @aCN@b110000 | |
| 105 | @ay z 000yy | |
| 106 | @ar | |
| 200 | 1 | @a2008考研政治互联提纲与考点提示@A2008 kao yan zheng zhi hu lian ti gang yu kao dian ti shi@f常红利编著@Fchang hong li bian zhu |
| 210 | @a北京@c北京航空航天大学出版社@d2007.09 | |
| 215 | @a193页@d26cm | |
| 312 | @a版权页题名: 考研政治互联提纲与考点提示 | |
| 330 | @a本书通过学习研讨,使读者能够完整、准确地理解和掌握政治理论考点与考点之间相互联系;在运用政治理论分析和解决考研试题时,找准找全考题所涉及的考点,自觉地使用辩证的互联思维方式,从根本上提高应对研究生入学政治理论考试的解题能力和蚝应试能力,在考试中取得优异成绩。 | |
| 517 | 1 | @a考研政治互联提纲与考点提示@Akao yan zheng zhi hu lian ti gang yu kao dian ti shi |
| 606 | 0 | @a政治理论@Azheng zhi li lun@x研究生@x入学考试@j自学参考资料 |
| 690 | @aD0@v4 | |
| 701 | 0 | @a常红利@Achang hong li@4编著 |
| 801 | 0 | @aCN@bQSSK@c20080901 |
| 905 | @b734113-22@dD0@eC281@f10 | |
| 2008考研政治互联提纲与考点提示/常红利编著.-北京:北京航空航天大学出版社,2007.09 |
| 193页;26cm |
| ISBN 978-7-81124-175-4:CNY19.00 |
| 本书通过学习研讨,使读者能够完整、准确地理解和掌握政治理论考点与考点之间相互联系;在运用政治理论分析和解决考研试题时,找准找全考题所涉及的考点,自觉地使用辩证的互联思维方式,从根本上提高应对研究生入学政治理论考试的解题能力和蚝应试能力,在考试中取得优异成绩。 |
| ● |
| 相关链接 |
|
|
|
正题名:2008考研政治互联提纲与考点提示
索取号:D0/C281
 
预约/预借
| 序号 | 登录号 | 条形码 | 馆藏地/架位号 | 状态 | 备注 |
| 1 | 734113 | 207341134 | 社科库509/509社科库 66排7列5层/ [索取号:D0/C281] | 在馆 | |
| 2 | 734114 | 207341143 | 社科库509/509社科库 66排7列5层/ [索取号:D0/C281] | 在馆 | |
| 3 | 734115 | 207341152 | 社科库509/509社科库 66排7列5层/ [索取号:D0/C281] | 在馆 | |
| 4 | 734116 | 207341161 | 社科库509/509社科库 66排7列5层/ [索取号:D0/C281] | 在馆 | |
| 5 | 734117 | 207341170 | 社科库509/509社科库 66排7列5层/ [索取号:D0/C281] | 在馆 | |
| 6 | 734118 | 207341189 | 社科库509/509社科库 66排7列5层/ [索取号:D0/C281] | 在馆 | |
| 7 | 734119 | 207341198 | 社科库509/509社科库 66排7列5层/ [索取号:D0/C281] | 在馆 | |
| 8 | 734120 | 207341205 | 社科库509/509社科库 66排7列5层/ [索取号:D0/C281] | 在馆 | |
| 9 | 734121 | 207341214 | 社科库509/509社科库 66排7列5层/ [索取号:D0/C281] | 在馆 | |
| 10 | 734122 | 207341223 | 社科库509/509社科库 66排7列5层/ [索取号:D0/C281] | 在馆 |